KHARIF PHSALO KI SAMGR SIFARISHE (Record no. 20785)

MARC details
000 -LEADER
fixed length control field 00258nam a22001217a 4500
003 - CONTROL NUMBER IDENTIFIER
control field SGT
082 ## - DEWEY DECIMAL CLASSIFICATION NUMBER
Classification number 630
Item number S20K
100 ## - MAIN ENTRY--PERSONAL NAME
Personal name SINGH, K.P.
245 ## - TITLE STATEMENT
Title KHARIF PHSALO KI SAMGR SIFARISHE
260 ## - PUBLICATION, DISTRIBUTION, ETC. (IMPRINT)
Place of publication, distribution, etc HISAR
Name of publisher, distributor, etc ASTRAL
Year of Publication 2020
300 ## - PAGE DESCRIPTION
No. of Pages 290
942 ## - ADDED ENTRY ELEMENTS (KOHA)
Source of classification or shelving scheme Dewey Decimal Classification
Koha item type Books
942 ## - ADDED ENTRY ELEMENTS (KOHA)
-- 20
Holdings
Withdrawn status Lost status Source of classification or shelving scheme Damaged status Not for loan Home library Current library Shelving location Date acquired SGTU Bill Number Total Checkouts Full call number Accession No. (Barcode) Date last seen Date last borrowed Bill Date Koha item type Total Renewals
    Dewey Decimal Classification     SGT Science & Social Sciences Library SGT Science & Social Sciences Library Text Book 21/11/2020 SGTU 23166 4 630 S20K AG1565 28/03/2025 17/03/2025 21/11/2020 Books  
    Dewey Decimal Classification     SGT Science & Social Sciences Library SGT Science & Social Sciences Library Text Book 21/11/2020 SGTU 23166 11 630 S20K AG1566 18/01/2025 06/08/2024 21/11/2020 Books 1
    Dewey Decimal Classification     SGT Science & Social Sciences Library SGT Science & Social Sciences Library Text Book 21/11/2020 SGTU 23166 8 630 S20K AG1567 30/08/2022 26/08/2022 21/11/2020 Books